LEADER 00739nam a2200181 i 4500 001 000000048182 003 CaOOAMICUS 005 20251125145430.0 008 121122s1876 xx u000 u lat u 013 $a19352 040 $aSeMil$bita 245 10$aTheologia generalis complectens disputationes quatuor. 300 $aVII, 449 p. 773 0 $aHurter, Hugo $tTheologiae dogmaticae compendium in usum studiosorum theologiae.$dOeniponte : Libraria Academica Wagneriana, 1876-1878.$g1$w()1671 850 $aSeMil 852 $aSeMil$W1$xVenegono$y1$m2D III 25 FA$j14337$B14337$CSeMilBibl$Z2$F14337 $8I 996 $6245$aTheologia generalis complectens disputationes quatuor$9(OLS)http://semarc/title/72858 LEADER 00725nam a2200181 i 4500 001 000000258970 003 CaOOAMICUS 005 20180622000000.0 008 180622s1901 xx u000 u ger u 013 $a237878 040 $aSeMil$bita 100 1 $aKlein, Félix,$d<1862-1953>.$0(OLS)http://semarc/name/30406 245 10$aMechanik. 4. Theil /$credigiert von Félix Klein. 300 $a770 p. ;$c25 cm. 773 0 $tEncyklopädie der mathematischen Wissenschaften mit Einschluss ihrer Anwendungen.$dLeipzig : B. G. Teubner, 1898-1923.$gBd.4$w()31361 850 $aSeMil 852 $aSeMil$W1$xVenegono$y1$m3W V 99 FA$j209315$B209315$CSeMilBibl$Z2$F222979 $8I 996 $6245$aMechanik. 4. Theil$9(OLS)http://semarc/title/413836